Statistics for Count to 60 in Words in Two Minutes

Click here to take the quiz!

General Stats

  • This quiz has been taken 16 times
  • The average score is 51 of 60

Answer Stats

number% Correct
ten
100%
eight
93%
eighteen
93%
eleven
93%
fifteen
93%
five
93%
four
93%
fourteen
93%
nine
93%
nineteen
93%
one
93%
seven
93%
seventeen
93%
six
93%
sixteen
93%
thirteen
93%
thirty
93%
thirty five
93%
thirty four
93%
thirty one
93%
thirty six
93%
thirty three
93%
thirty two
93%
three
93%
twelve
93%
twenty
93%
twenty eight
93%
twenty five
93%
twenty four
93%
twenty nine
93%
twenty one
93%
twenty seven
93%
twenty six
93%
twenty three
93%
twenty two
93%
two
93%
thirty seven
87%
forty
80%
forty one
80%
forty three
80%
forty two
80%
thirty eight
80%
thirty nine
80%
fifty
73%
forty eight
73%
forty five
73%
forty four
73%
forty nine
73%
forty seven
73%
forty six
73%
fifty one
67%
fifty two
67%
sixty
67%
fifty eight
60%
fifty five
60%
fifty four
60%
fifty nine
60%
fifty seven
60%
fifty six
60%
fifty three
60%

Score Distribution

Percentile by Number Answered

Percent of People with Each Score

Your Score History

You have not taken this quiz